000 00349nam a2200133Ia 4500
005 20251222143215.0
008 251222s9999||||xx |||||||||||||| ||spa||
020 _a9972-800-02-4
082 _a658.022/L65
100 _aLinares Scarcerieau, Dino
245 0 _aHaz Realidad tu Negocio:
264 _bColectivo Integral del Desarrollo
942 _cLIB
999 _c13597
_d13597